| 000 | 00522nam a2200169Ia 4500 | ||
|---|---|---|---|
| 005 | 20250508155830.0 | ||
| 008 | 008 250505s9999 xx 000 0 eng d | ||
| 037 | _aDissertations | ||
| 040 |
_aFEDL _beng _cFEDL |
||
| 041 |
_aeng _2eng |
||
| 084 |
_a155.412, SON/DI _qFEDL |
||
| 245 | 0 | _aInvestigation into the attitudes of teachers towards behaviour problems of children | |
| 300 | _aii,72p. | ||
| 546 | _aM.Ed. Dissertations, 1952-53 | ||
| 942 |
_cDIS _h155.412, SON/DI |
||
| 999 |
_c1359504 _d1359504 |
||